| 000 | 01038cam a22002531i 4500 | ||
|---|---|---|---|
| 003 | SA-RiAUC | ||
| 005 | 20250707173844.0 | ||
| 008 | 250706s2002 jo g 00000 ara c | ||
| 040 |
_aSA-RiAUC _bara _cSA-RiAUC _erda |
||
| 082 | 0 | 4 |
_a258.1 _qSA-RiAUC |
| 090 |
_a258.1 _bا ب و ح |
||
| 100 | 1 |
_aأبو الحاج، صلاح محمد، _d1974- _eمؤلف. |
|
| 245 | 1 | 2 |
_aالمنهج الفقهي للإمام اللكنوي / _cبقلم صلاح محمد سالم أبو الحاج. |
| 250 | _aالطبعة الأولى. | ||
| 264 | 1 |
_aعمان، الأردن : _bدار النفائس للنشر والتوزيع، _c2002 |
|
| 300 |
_a425 صفحة ؛ _c24 سم |
||
| 336 |
_aنص _btxt _2rdacontent _3كتاب |
||
| 337 |
_aبدون وسيط _bn _2rdamedia |
||
| 338 |
_aمجلد _bnc _2rdacarrier |
||
| 600 | 1 | 7 |
_aاللكنوي، محمد عبد الحي بن محمد عبد الحليم، _d1264-1304 هجري _2aucnm |
| 650 | 7 |
_aالفقه الحنفي _2aucsh |
|
| 942 |
_2ddc _cBOOK _n0 |
||
| 949 |
_aSA-JeALM _d250706 _uosman123 _n1 |
||
| 999 |
_c9580 _d9580 |
||